书目信息 |
| 题名: |
新编普通话教程
|
|
| 作者: | 吴洁敏 编著 | |
| 分册: | ||
| 出版信息: | 杭州 浙江大学出版社 1988.10 |
|
| 页数: | 344页 | |
| 开本: | 32开 | |
| 丛书名: | ||
| 单 册: | ||
| 中图分类: | H102-43 | |
| 科图分类: | ||
| 主题词: | 汉语 | |
| 电子资源: | ||
| ISBN: | 7-308-00137-7 | |
| 000 | 00553nam0 2200193 45 | |
| 001 | 0010071008 | |
| 005 | 20001007105853.4 | |
| 010 | @a7-308-00137-7@d14.00元 | |
| 100 | @a20001007d1988 km y0chiy0120 ea | |
| 101 | 0 | @achi |
| 105 | @a z 000yy | |
| 200 | 1 | @a新编普通话教程@AXin Bian Pu Tong Hua Jiao Cheng@f吴洁敏编著@FWu Jie Min Bian Zhu |
| 210 | @a杭州@c浙江大学出版社@d1988.10 | |
| 215 | @a344页@d32开 | |
| 606 | 0 | @a汉语 |
| 690 | @aH102-43@v3 | |
| 701 | 0 | @a吴洁敏@4编著 |
| 801 | @aCN@bPftUser@c20001007 | |
| 905 | @b170304-308@dH102-43@eW529=2@f5 | |
| 新编普通话教程/吴洁敏编著.-杭州:浙江大学出版社,1988.10 |
| 344页;32开 |
| ISBN 7-308-00137-7:14.00元 |
| ● |
| 相关链接 |
|
|
|
正题名:新编普通话教程
索取号:H102-43/W529=2
 
预约/预借
| 序号 | 登录号 | 条形码 | 馆藏地/架位号 | 状态 | 备注 |
| 1 | 170304 | 201703040 | 语言库209/504自科库 46排5列3层/ [索取号:H102-43/W529=2] | 在馆 | |
| 2 | 170305 | 201703059 | 自科二线504/504自科库 46排3列2层/ [索取号:H102-43/W529=2] | 在馆 | |
| 3 | 170306 | 201703068 | 语言库209/ [索取号:H102-43/W529=2] | 在馆 | |
| 4 | 170307 | 201703077 | 自科二线504/504自科库 46排3列2层/ [索取号:H102-43/W529=2] | 在馆 | |
| 5 | 170308 | 201703086 | 自科二线504/504自科库 46排3列2层/ [索取号:H102-43/W529=2] | 在馆 |